Origen and Greek patristic theology /

Bibliographic Details
Main Author: Fairweather, William
Format: Book
Language:English
Published: New York : Scribner, 1901.
Series:World's epoch-makers.
Subjects:

MARC

Tag First Indicator Second Indicator Subfields
LEADER 00000cam a2200000 a 4500
001 in00000073647
005 20151008053538.0
008 770418s1901 nyu b 00110dengm
010 |a  02010318  
035 |a (OCoLC)02896471 
035 |9 AAH7787AM 
040 |a DLC  |c HEI  |d HEI  |d m.c.  |d TXA  |d UtOrBLW 
049 |a TXAM  |c [1441791] 
050 0 0 |a BR1720.O7  |b F3 
100 1 |a Fairweather, William. 
245 1 0 |a Origen and Greek patristic theology /  |c by William Fairweather. 
264 1 |a New York :  |b Scribner,  |c 1901. 
300 |a xiv, 268 pages ;  |c 20 cm. 
336 |a text  |b txt  |2 rdacontent 
337 |a unmediated  |b n  |2 rdamedia 
338 |a volume  |b nc  |2 rdacarrier 
490 1 |a World's epoch-makers 
504 |a Includes bibliographical references and index. 
600 0 0 |a Origen. 
830 0 |a World's epoch-makers. 
999 |a MARS 
999 f f |s 91a6c9cd-b128-3ade-9466-128889c638cc  |i 13a528c2-9dc8-348e-92ed-0918ab2dc630  |t 0 
952 f f |p normal  |a Texas A&M University  |b College Station  |c Sterling C. Evans Library  |d Evans: Library Stacks  |t 0  |e BR1720.O7 F3  |h Library of Congress classification  |i unmediated -- volume  |m A14806091145 
998 f f |a BR1720.O7 F3  |t 0  |l Evans: Library Stacks